Normal view
MARC view
- Supervisor Dr. Waqar Shahid Qureshi
Entry Corporate Name
001 - CONTROL NUMBER
- control field: 84280
003 - CONTROL NUMBER IDENTIFIER
- control field: NUST
005 - DATE AND TIME OF LATEST TRANSACTION
- control field: 20211116152829.0
008 - FIXED-LENGTH DATA ELEMENTS
- fixed length control field: 211116|| aca||aabn | a|a d
040 ## - CATALOGING SOURCE
- Original cataloging agency: NUST
- Transcribing agency: NUST
110 ## - HEADING--CORPORATE NAME
- Corporate name or jurisdiction name as entry element: Supervisor Dr. Waqar Shahid Qureshi
670 ## - SOURCE DATA FOUND
- Source citation: Work cat.: (NUST): Syed Irfan Shah 84279, TH-SOF-1865-Design, Implement and Benchmark a Low-Cost Optical Device for Measuring Brix and Dry Matter in Fruits, 2021.
